Introducing just sustainabilities. Policy, planning, and practice.

Na minha lista:
Detalhes bibliográficos
Autor principal: Agyeman, Julian (Autor)
Formato: Desconhecido
Publicado em: London, United Kingdom; New York, USA: Zed Books, 2013.
coleção:Just sustainabilities.
Assuntos:
Tags: Adicionar Tag
Sem tags, seja o primeiro a adicionar uma tag!

MARC

LEADER 00000 a2200000 4500
003 CL-VaPUC
005 20240410102157.0
008 240408t2013 ||||| |||| 00| 0 eng d
999 |c 443070  |d 443068 
020 |a 978-1780324098 
040 |c Pontificia Universidad Católica de Valparaíso 
082 7 |a 307.14 AGY 2013  |2 22 
100 |a Agyeman, Julian  |9 887429  |e author 
245 |a Introducing just sustainabilities.  |b  Policy, planning, and practice.  
260 |a London, United Kingdom;  |a New York, USA:  |b  Zed Books,  |c 2013. 
300 |a 205 páginas,  
490 |a Just sustainabilities. 
583 |k GC  |c 20240408 
650 0 |a Desarrollo comunitario  |9 310436 
650 0 |a Desarrollo comunitario  |x Comunicación   |9 888237 
942 |2 ddc  |c BK 
952 |0 0  |1 0  |2 ddc  |4 0  |6 307_140000000000000_AGY_2013  |7 0  |8 A  |9 593962  |a BIBING  |b BIBING  |d 2024-04-04  |e 1  |g 43772.00  |i 5660605  |o 307.14 AGY 2013  |p 5660605  |r 2025-01-20  |t 1  |v 43772.00  |w 2024-04-04  |y BK  |k MEG